| 000 | 01011nam a2200301 a 4500 | ||
|---|---|---|---|
| 001 | 26090 | ||
| 003 | CO-ViMGA | ||
| 005 | 20230915232145.0 | ||
| 006 | bimo0001864332 | ||
| 008 | 141112s2004 ck r 000 u spa d | ||
| 016 | _abimoBNE20030541774 SpMaBN | ||
| 017 | _aM 3498 - 2003 Oficina Depósito Legal Madrid | ||
| 020 | _a8473563379 | ||
| 035 | _a(OCoLC)52268075 | ||
| 040 |
_aCO-ViMGA _bspa _cCO-ViMGA |
||
| 080 | _a808.51 | ||
| 082 | 0 | 4 | _a808.51 U71c |
| 100 | 1 |
_aUrcola, Juan Luis _940711 |
|
| 245 | 1 | 0 |
_aCómo hablar en público y realizar presentaciones profesionales / _cJuan Luis Urcola Tellería |
| 260 | _aPozuelo de Alarcón (Madrid) ESIC | ||
| 300 | _a298 p. il. 24 cm | ||
| 504 | _aBibliografía : p. [297] - 298 | ||
| 650 | 1 | 4 |
_aArte de hablar en público _940712 |
| 926 | _aBNALCALA SG_PETANTI 12/181233 FONDO_MODE 1 | ||
| 942 |
_2ddc _cBK |
||
| 956 | _a2 | ||
| 980 | _a017. M 3498 - 2003 020. 84 - 7356 - 337 - 9 852. 40 M - BN BNALCALA MO04049071 12/181233 DG ALCALA | ||
| 999 |
_c33311 _d33311 |
||